000 00889nmm a2200277 a 4500
001 ocm0001916920
003 TR-IsHL
005 20201028173205.0
008 180909s2018 tu tur
007 cr cn
020 _a9789752475601
035 _a1916920
_b(N$T)
050 0 4 _aHQ769
_b.İ64 2018
090 0 4 _aHQ769
_b.İ64 2018
100 1 _aİnce, Fatma
245 1 0 _aKuşaklar arası etkin iletişim ve davranış
_h[electronic resource] /
_cFatma İnce
260 _aKonya :
_bEğitim Yayınevi,
_c2018
300 _a156 p.
500 _aKaynakça var
_x
650 4 _aEğitim
650 4 _aEducation
650 0 _aAileiçi iletişim
650 0 _aCommunication in the family
650 7 _aFAMILY & RELATIONSHIPS / Parenting / Parent & Adult Child
_2bisacsh
856 4 0 _uhttp://search.ebscohost.com/login.aspx?direct=true&scope=site&db=e011xww&AN=1916920
999 _c17575
_d17575